[Event "VIII Festival A"]
[Site "Nichelino ITA"]
[Date "2007.10.06"]
[Round "3"]
[White "Gallucci, Alessio"]
[Black "Biancotti, Alessandro"]
[Result "0-1"]
[WhiteElo "2076"]
[BlackElo "1828"]
[PlyCount "144"]
[EventDate "2007.10.04"]

1. e4 c5 2. Nf3 d6 3. d4 cxd4 4. Nxd4 Nf6 5. f3 g6 6. c4 Bg7 7. Be3 O-O 8. Be2
Nc6 9. O-O Qb6 10. Nc2 Qxb2 11. Nba3 Qe5 12. Rb1 Qa5 13. Qc1 Rb8 14. Nb5 Bd7
15. Rb3 a6 16. Nc3 Qc7 17. Qb1 Ne5 18. Bb6 Qc8 19. Ne3 Bc6 20. Ncd5 Re8 21. Ba7
Nxd5 22. Nxd5 Bxd5 23. cxd5 Ra8 24. Rc1 Qd7 25. Rxb7 Qa4 26. Bf2 Bh6 27. Rcc7
Rac8 28. Bf1 Rxc7 29. Rxc7 Qa5 30. Ra7 Qd2 31. Rb7 Be3 32. Bxe3 Qxe3+ 33. Kh1
Rc8 34. Rb3 Qd2 35. Rb2 Qe3 36. Rb3 Qd2 37. Rb2 Qe3 38. Re2 Qa3 39. Re1 a5 40.
h3 Qc3 41. f4 Nd7 42. Qd1 Nb6 43. e5 Nxd5 44. exd6 exd6 45. Re4 Ne3 46. Qe2
Nxf1 47. Qxf1 d5 48. Re1 d4 49. Rd1 Kg7 50. f5 Rc6 51. Qe2 Qc5 52. Qe4 Rd6 53.
Qe7 Qd5 54. Rf1 Rf6 55. Qa3 Rxf5 56. Rd1 Rf2 57. Qg3 Rxa2 58. Qg4 d3 59. Qg3 d2
60. Qc3+ f6 61. Qc7+ Qf7 62. Qc3 a4 63. h4 Qe7 64. Rf1 Qe5 65. Qd3 Qh5 66. Qd7+
Kh6 67. Qd4 Qe5 68. Qd8 Rc2 69. Qd3 Qc3 70. Qe4 Rc1 71. Qf4+ Kg7 72. Kh2 Qe5
0-1

[Event "VIII Festival A"]
[Site "Nichelino ITA"]
[Date "2007.10.06"]
[Round "3"]
[White "Guarneri, Giuseppe"]
[Black "Sattanino, Andrea"]
[Result "0-1"]
[WhiteElo "1955"]
[BlackElo "1843"]
[PlyCount "54"]
[EventDate "2007.10.04"]

1. e4 e5 2. Nf3 Nf6 3. d4 Nxe4 4. Nxe5 d5 5. Bd3 Bd6 6. O-O O-O 7. Qh5 Nd7 8.
Nxd7 Qxd7 9. f3 Nf6 10. Qh4 Be7 11. g4 g6 12. Bg5 Qd6 13. Nc3 Bd7 14. Rae1 Bd8
15. Re5 h5 16. gxh5 Nxh5 17. Rxd5 Qe6 18. Re1 Qh3 19. Qxh3 Bxh3 20. Bxd8 Raxd8
21. Rxd8 Rxd8 22. Re7 Nf4 23. Bc4 Rxd4 24. Bxf7+ Kf8 25. Rxc7 Rd2 26. Bb3 Rg2+
27. Kh1 Rf2 0-1

[Event "VIII Festival A"]
[Site "Nichelino ITA"]
[Date "2007.10.06"]
[Round "3"]
[White "Gussone, Claudio"]
[Black "Fassio, Francesco"]
[Result "1-0"]
[WhiteElo "1876"]
[BlackElo "1732"]
[PlyCount "57"]
[EventDate "2007.10.04"]

1. d4 d5 2. Nf3 Nf6 3. g3 h6 4. Bg2 Bf5 5. O-O e6 6. c4 c6 7. Qb3 b6 8. Ne5 Qc7
9. cxd5 cxd5 10. Nc3 Nc6 11. Qb5 Rc8 12. Be3 Nd7 13. g4 Bh7 14. f4 Be7 15. Rac1
O-O 16. Nxd5 exd5 17. Qxc6 Qxc6 18. Rxc6 Nxe5 19. Rxc8 Rxc8 20. fxe5 Be4 21.
Bxe4 dxe4 22. Rc1 Rxc1+ 23. Bxc1 Bg5 24. Bxg5 hxg5 25. Kf2 g6 26. Ke3 f5 27.
exf6 Kf7 28. Kxe4 Kxf6 29. Kd5 1-0

[Event "VIII Festival A"]
[Site "Nichelino ITA"]
[Date "2007.10.06"]
[Round "3"]
[White "Malano, Francesco"]
[Black "Marguati, Massimiano"]
[Result "0-1"]
[WhiteElo "1967"]
[BlackElo "1966"]
[PlyCount "86"]
[EventDate "2007.10.04"]

1. c4 e6 2. g3 Nf6 3. Bg2 Be7 4. Nf3 O-O 5. O-O d5 6. b3 b6 7. Bb2 Bb7 8. d4
Ne4 9. e3 Bf6 10. Nbd2 Nxd2 11. Qxd2 Qe7 12. Rfe1 Na6 13. Rac1 c5 14. cxd5 exd5
15. Bf1 Rac8 16. Bd3 c4 17. bxc4 dxc4 18. Be2 b5 19. Qa5 Qb4 20. Bc3 Qxa5 21.
Bxa5 Be7 22. a4 Bb4 23. Bxb4 Nxb4 24. Ne5 Nd3 25. Bxd3 cxd3 26. Nxd3 bxa4 27.
Nc5 Bd5 28. Nxa4 Rb8 29. Rc7 a6 30. Nc5 Rb2 31. Nxa6 Ra8 32. e4 Be6 33. Rec1 g6
34. R7c6 Bh3 35. d5 Re2 36. f3 Rg2+ 37. Kh1 Rf2 38. Rf6 Kg7 39. e5 Re8 40. Rfc6
Ra8 41. f4 Ra2 42. Nb4 Rd2 43. R6c5 Rb8 0-1

[Event "VIII Festival A"]
[Site "Nichelino ITA"]
[Date "2007.10.06"]
[Round "3"]
[White "Martin, Tiziano"]
[Black "Perrone, Samuel"]
[Result "1-0"]
[WhiteElo "2019"]
[BlackElo "1715"]
[PlyCount "75"]
[EventDate "2007.10.04"]

1. d4 Nf6 2. Nf3 d5 3. e3 Bg4 4. c4 e6 5. Qb3 b6 6. Nc3 Bxf3 7. gxf3 Na6 8.
cxd5 Qc8 9. Qb5+ Nd7 10. dxe6 fxe6 11. Qxa6 Qxa6 12. Bxa6 c6 13. Bb7 Rb8 14.
Bxc6 Rc8 15. Bxd7+ Kxd7 16. Bd2 Bb4 17. a3 Bd6 18. Rc1 Rc7 19. Nb5 Rxc1+ 20.
Bxc1 Rc8 21. Kd1 a6 22. Nxd6 Kxd6 23. Rg1 g6 24. e4 Rf8 25. Rg3 Kc6 26. Bh6 Rd8
27. Be3 Kb5 28. b3 Kc6 29. Kd2 a5 30. Kd3 b5 31. Rg5 Rd7 32. Rc5+ Kb6 33. d5
exd5 34. Rxd5+ Kc6 35. Rxd7 Kxd7 36. Bd2 a4 37. bxa4 bxa4 38. Kc4 1-0

[Event "VIII Festival A"]
[Site "Nichelino ITA"]
[Date "2007.10.06"]
[Round "3"]
[White "Militello, Michele"]
[Black "Giacomasso, Enrico"]
[Result "1/2-1/2"]
[WhiteElo "1935"]
[BlackElo "1970"]
[PlyCount "56"]
[EventDate "2007.10.04"]

1. d4 Nf6 2. Nf3 d5 3. Nbd2 Nbd7 4. e3 c6 5. Bd3 Qc7 6. c3 e5 7. dxe5 Nxe5 8.
Nxe5 Qxe5 9. Nf3 Qc7 10. h3 g6 11. Qc2 Bg7 12. O-O O-O 13. Bd2 Re8 14. Nd4 a6
15. a4 c5 16. Nf3 c4 17. Be2 Bf5 18. Qd1 Ne4 19. Nd4 Qd7 20. Bf3 Rad8 21. Bxe4
dxe4 22. b4 Re5 23. f4 Rd5 24. Qe2 Rc8 25. g4 h5 26. Rf2 Re8 27. a5 Qc8 28. Rg2
Kh8 1/2-1/2

[Event "VIII Festival A"]
[Site "Nichelino ITA"]
[Date "2007.10.06"]
[Round "3"]
[White "Parodi, Alessandro"]
[Black "Demagistri, Gigi"]
[Result "1-0"]
[WhiteElo "2002"]
[BlackElo "1662"]
[PlyCount "70"]
[EventDate "2007.10.04"]

1. d4 Nf6 2. c4 e6 3. Nc3 Bb4 4. Qc2 c5 5. e3 Nc6 6. a3 Qa5 7. axb4 Qxa1 8.
bxc5 Nb4 9. Qd2 Qa5 10. Be2 b6 11. cxb6 axb6 12. f3 Qg5 13. Kf2 Bb7 14. Nb5 Ra4
15. Bd1 O-O 16. Bxa4 Nc6 17. Bc2 Ne7 18. Ne2 Ng6 19. e4 Qh4+ 20. g3 Qh3 21. Ng1
Qh5 22. Qg5 Qxg5 23. Bxg5 Ba6 24. Nd6 Ne8 25. Nxe8 Rxe8 26. b3 Ra8 27. Ne2 h6
28. Be3 Bb7 29. Nc3 Rc8 30. e5 Ne7 31. Be4 Ba6 32. Ra1 Bxc4 33. bxc4 Rxc4 34.
Ra8+ Rc8 35. Rxc8+ Nxc8 1-0

[Event "VIII Festival A"]
[Site "Nichelino ITA"]
[Date "2007.10.06"]
[Round "3"]
[White "Pitrola, Carlo"]
[Black "D'Amato, Piergiorgio"]
[Result "1/2-1/2"]
[WhiteElo "1602"]
[BlackElo "1941"]
[PlyCount "56"]
[EventDate "2007.10.04"]

1. d4 Nf6 2. c4 g6 3. Nc3 d5 4. cxd5 Nxd5 5. e4 Nxc3 6. bxc3 Bg7 7. Bc4 O-O 8.
Ne2 c5 9. O-O Nc6 10. Be3 Bg4 11. f3 Na5 12. Bxf7+ Rxf7 13. fxg4 Rxf1+ 14. Qxf1
cxd4 15. cxd4 Nc4 16. Qf2 Qb6 17. Rc1 Rf8 18. Qg3 Nxe3 19. Qxe3 e5 20. Rd1 exd4
21. Qd3 Qf6 22. Qb3+ Kh8 23. Ng3 Qf2+ 24. Kh1 b6 25. Qc4 Qe3 26. Qc7 Qa3 27.
Qc4 Qc5 28. Qe6 Qc7 1/2-1/2

[Event "VIII Festival A"]
[Site "Nichelino ITA"]
[Date "2007.10.06"]
[Round "3"]
[White "Zunino, Davide"]
[Black "Pettarini, Renato"]
[Result "1-0"]
[WhiteElo "1980"]
[BlackElo "1661"]
[PlyCount "63"]
[EventDate "2007.10.04"]

1. d4 Nf6 2. Bf4 e6 3. e3 d5 4. Nd2 c5 5. c3 Nc6 6. Bd3 Be7 7. Ngf3 O-O 8. Ne5
Nxe5 9. dxe5 Nd7 10. h4 f5 11. Qe2 c4 12. Bc2 b5 13. g4 Kh8 14. gxf5 exf5 15.
Nf3 Nc5 16. Ng5 Qe8 17. O-O-O h6 18. Rdg1 Ne6 19. Nf3 b4 20. h5 bxc3 21. bxc3
Ba3+ 22. Kd2 Be7 23. Rg6 Rf7 24. Rhg1 Qf8 25. Nd4 Nc5 26. f3 a5 27. Qg2 Bd7 28.
e6 Bxe6 29. Nxe6 Nxe6 30. Rxe6 Bf6 31. Be5 Bxe5 32. Rxe5 1-0

[Event "VIII Festival A"]
[Site "Nichelino ITA"]
[Date "2007.10.06"]
[Round "4"]
[White "Biancotti, Alessandro"]
[Black "Diana, Riccardo"]
[Result "0-1"]
[WhiteElo "1828"]
[BlackElo "2070"]
[PlyCount "64"]
[EventDate "2007.10.04"]

1. e4 e5 2. Nf3 Nc6 3. Bb5 a6 4. Ba4 Nf6 5. O-O b5 6. Bb3 Bc5 7. c3 d6 8. d4
Bb6 9. dxe5 Nxe5 10. Nxe5 dxe5 11. Qxd8+ Kxd8 12. Bxf7 Rf8 13. Bb3 Nxe4 14. Be3
Bxe3 15. fxe3 Rxf1+ 16. Kxf1 Bb7 17. g3 Ke7 18. Ke2 Rf8 19. Kd3 Rf2 20. c4 Rxh2
21. cxb5 axb5 22. g4 c5 23. Bg8 c4+ 24. Bxc4 bxc4+ 25. Kxc4 Rh1 26. Kd3 Nf2+
27. Ke2 Nxg4 28. a4 Be4 29. a5 Rxb1 30. Ra4 Rxb2+ 31. Ke1 Bf3 32. e4 Re2+ 0-1

[Event "VIII Festival A"]
[Site "Nichelino ITA"]
[Date "2007.10.06"]
[Round "4"]
[White "Crepaldi, Manuele"]
[Black "Cavaliere, Simone"]
[Result "0-1"]
[WhiteElo "1821"]
[BlackElo "1965"]
[PlyCount "86"]
[EventDate "2007.10.04"]

1. c4 Nf6 2. d4 e6 3. Nc3 Bb4 4. Qc2 c5 5. dxc5 O-O 6. Nf3 Na6 7. g3 Nxc5 8. a3
Bxc3+ 9. Qxc3 Nce4 10. Qc2 d5 11. Bg2 b6 12. O-O Bb7 13. b3 Rc8 14. Rd1 Qe7 15.
Ng5 Nxg5 16. Bxg5 h6 17. Bxf6 Qxf6 18. Qd2 Rfd8 19. cxd5 Bxd5 20. Bxd5 Rxd5 21.
Qe3 Rxd1+ 22. Rxd1 Rc3 23. Rd3 Rxd3 24. Qxd3 Qa1+ 25. Kg2 Qxa3 26. h4 Qc5 27.
e4 g6 28. Kf1 a5 29. g4 Kg7 30. Ke2 b5 31. g5 hxg5 32. hxg5 a4 33. bxa4 bxa4
34. Qd8 Qe5 35. Ke3 a3 36. f4 Qc3+ 37. Kf2 a2 38. e5 Qc5+ 39. Kg3 Qe3+ 40. Kg4
Qg1+ 41. Kh3 Qa7 42. Qf6+ Kh7 43. f5 exf5 0-1

[Event "VIII Festival A"]
[Site "Nichelino ITA"]
[Date "2007.10.06"]
[Round "4"]
[White "D'Amato, Piergiorgio"]
[Black "Parodi, Alessandro"]
[Result "0-1"]
[WhiteElo "1941"]
[BlackElo "2002"]
[PlyCount "90"]
[EventDate "2007.10.04"]

1. e4 d6 2. d4 Nf6 3. Bd3 e5 4. c3 d5 5. dxe5 Nxe4 6. Bxe4 dxe4 7. Qxd8+ Kxd8
8. Bf4 Bf5 9. Nd2 Nd7 10. f3 Nc5 11. fxe4 Nxe4 12. Nxe4 Bxe4 13. O-O-O+ Ke8 14.
Nf3 Rd8 15. Rhe1 Rxd1+ 16. Kxd1 Bd5 17. b3 b5 18. Nd4 a6 19. g3 Kd7 20. Nf5 Be6
21. Nd4 Bg4+ 22. Kc2 Be7 23. b4 c5 24. bxc5 Bxc5 25. Kb3 Rc8 26. Be3 Be6+ 27.
Nxe6 Kxe6 28. Bf4 h6 29. h4 a5 30. Rd1 a4+ 31. Kc2 Be7 32. Be3 b4 33. Bd4 bxc3
34. Bxc3 Bb4 35. Rd3 g5 36. hxg5 hxg5 37. Kb2 Bxc3+ 38. Rxc3 Rxc3 39. Kxc3 Kxe5
40. Kb4 f5 41. Kxa4 f4 42. gxf4+ gxf4 43. Kb4 f3 44. a4 f2 45. a5 f1=Q 0-1

[Event "VIII Festival A"]
[Site "Nichelino ITA"]
[Date "2007.10.06"]
[Round "4"]
[White "D'Ingiullo, Roberto"]
[Black "Damia, Angelo"]
[Result "1/2-1/2"]
[WhiteElo "2104"]
[BlackElo "2266"]
[PlyCount "28"]
[EventDate "2007.10.04"]

1. e4 d5 2. exd5 Nf6 3. Nf3 Nxd5 4. d4 Bg4 5. Be2 e6 6. c4 Nf6 7. O-O Nbd7 8.
Nc3 Be7 9. Ne5 Bxe2 10. Qxe2 O-O 11. Re1 c5 12. Nxd7 Nxd7 13. dxc5 Bxc5 14. Bg5
Be7 1/2-1/2

[Event "VIII Festival A"]
[Site "Nichelino ITA"]
[Date "2007.10.06"]
[Round "4"]
[White "Demagistri, Gigi"]
[Black "Martin, Tiziano"]
[Result "1/2-1/2"]
[WhiteElo "1662"]
[BlackElo "2019"]
[PlyCount "58"]
[EventDate "2007.10.04"]

1. d4 d6 2. e4 e5 3. dxe5 dxe5 4. Qxd8+ Kxd8 5. Nf3 f6 6. Bc4 c6 7. Be3 Nd7 8.
O-O Bc5 9. Bxc5 Nxc5 10. Nc3 b5 11. Rad1+ Kc7 12. Bd3 b4 13. Ne2 Be6 14. b3 Nh6
15. Ng3 g6 16. Nd2 Nxd3 17. cxd3 Rhd8 18. Nc4 a5 19. Nb2 c5 20. Rc1 Kd6 21. Rc2
Ra6 22. Rfc1 Rc8 23. Ne2 Rac6 24. h3 Nf7 25. f4 Nd8 26. g4 Nb7 27. f5 Bf7 28.
Kf2 Nd8 29. Ke3 Nb7 1/2-1/2

[Event "VIII Festival A"]
[Site "Nichelino ITA"]
[Date "2007.10.06"]
[Round "4"]
[White "Fassio, Francesco"]
[Black "Artero, Carlo"]
[Result "1-0"]
[WhiteElo "1732"]
[BlackElo "1608"]
[PlyCount "83"]
[EventDate "2007.10.04"]

1. c4 c5 2. Nc3 Nc6 3. g3 g6 4. Bg2 Bg7 5. Nf3 Nf6 6. O-O O-O 7. a3 d6 8. d3
Qb6 9. Rb1 Bf5 10. Bd2 a5 11. Nb5 d5 12. cxd5 Nxd5 13. Nc3 Nxc3 14. bxc3 Qc7
15. c4 a4 16. Be3 b6 17. Bc1 Rfd8 18. Bb2 f6 19. Nd2 Ra7 20. Bc3 e5 21. Ne4 Be6
22. Bd2 Nd4 23. Nc3 Qd7 24. Nb5 Nxb5 25. Rxb5 Bxc4 26. Rxb6 Bb3 27. Qc1 c4 28.
Be3 Rc7 29. dxc4 Rxc4 30. Qb1 Rc2 31. Rxb3 axb3 32. Qxb3+ Kf8 33. Qxc2 f5 34.
Rc1 e4 35. Bb6 Ra8 36. Bc5+ Ke8 37. Bb4 h5 38. h4 Bh6 39. Rd1 Qb5 40. e3 Qb6
41. Qc3 Kf7 42. Rd7+ 1-0

[Event "VIII Festival A"]
[Site "Nichelino ITA"]
[Date "2007.10.06"]
[Round "4"]
[White "Fortino, Fabrizio"]
[Black "Davi, Alessandro"]
[Result "0-1"]
[WhiteElo "2081"]
[BlackElo "1915"]
[PlyCount "78"]
[EventDate "2007.10.04"]

1. e4 c6 2. d4 d5 3. exd5 cxd5 4. c4 Nf6 5. Nc3 g6 6. cxd5 Bg7 7. Be2 Nxd5 8.
Bf3 Nb6 9. Nge2 Nc6 10. d5 Ne5 11. Be4 O-O 12. O-O Nec4 13. Re1 Nd6 14. Bf3
Nbc4 15. g3 Bd7 16. Nd4 Re8 17. Nb3 Rc8 18. Nd4 Qb6 19. Nce2 Nxb2 20. Bxb2 Qxb2
21. Nb3 Ba4 22. Rb1 Qxa2 23. Qd3 Bxb3 24. Rxb3 Qc2 25. Qe3 Nf5 26. Qd3 Qxd3 27.
Rxd3 Nd6 28. h4 Rc7 29. Kg2 b5 30. Nf4 b4 31. Rb3 Bc3 32. Rc1 Rec8 33. Bg4 Rb8
34. Nd3 h5 35. Bf3 Rcc8 36. Rcb1 a5 37. Nb2 Nc4 38. Na4 Nd2 39. Nxc3 Nxb3 0-1

[Event "VIII Festival A"]
[Site "Nichelino ITA"]
[Date "2007.10.06"]
[Round "4"]
[White "Giacomasso, Enrico"]
[Black "Di Chiara, Mauro"]
[Result "0-1"]
[WhiteElo "1970"]
[BlackElo "1747"]
[PlyCount "82"]
[EventDate "2007.10.04"]

1. e4 c5 2. Nf3 Nc6 3. d4 cxd4 4. Nxd4 Nf6 5. Nc3 e5 6. Nxc6 bxc6 7. Bd3 Bb4 8.
Bd2 O-O 9. O-O d5 10. exd5 cxd5 11. a3 Ba5 12. f3 Bb6+ 13. Kh1 a6 14. Bg5 Bb7
15. Bf5 h6 16. Bh4 Qd6 17. Qd2 Bc7 18. Rad1 d4 19. Ne2 Nd5 20. Bf2 Ne7 21. Bh3
f5 22. c3 g5 23. cxd4 e4 24. Bg3 f4 25. Be1 exf3 26. gxf3 Nd5 27. Rc1 Ne3 28.
Rf2 g4 29. Bg2 Nxg2 30. Rxg2 Bxf3 31. Ng1 Bxg2+ 32. Qxg2 h5 33. Rc6 f3 34. Qc2
Qxh2+ 35. Qxh2 Bxh2 36. Rc2 Bxg1 37. Kxg1 Rae8 38. Bg3 Re2 39. Rxe2 fxe2 40.
Bf2 g3 41. Bxg3 Rf1+ 0-1

[Event "VIII Festival A"]
[Site "Nichelino ITA"]
[Date "2007.10.06"]
[Round "4"]
[White "Lizzari, Nicola"]
[Black "Pettarini, Renato"]
[Result "1/2-1/2"]
[WhiteElo "1848"]
[BlackElo "1661"]
[PlyCount "105"]
[EventDate "2007.10.04"]

1. d4 Nf6 2. c4 e6 3. Nc3 Bb4 4. Bd2 b6 5. e3 Bb7 6. Nf3 O-O 7. Bd3 d6 8. O-O
Nbd7 9. Re1 c5 10. Nb5 Bxd2 11. Nxd2 d5 12. cxd5 Nxd5 13. a3 cxd4 14. Nxd4 Nc5
15. Bc2 Rc8 16. Qh5 Nf6 17. Qg5 Nfe4 18. Qxd8 Rfxd8 19. Bxe4 Nxe4 20. N2f3 h6
21. Rac1 a6 22. Rxc8 Rxc8 23. g3 Nc5 24. Rc1 Nd3 25. Rxc8+ Bxc8 26. b4 Bb7 27.
Nd2 Nb2 28. f3 Kf8 29. Kf1 Ke7 30. Ke2 g6 31. e4 Kd6 32. N2b3 f5 33. exf5 exf5
34. Nc1 Kd5 35. Nd3 Nxd3 36. Kxd3 Bc6 37. f4 a5 38. bxa5 bxa5 39. Nb3 a4 40.
Nd2 Bb5+ 41. Kc3 Kc5 42. Nf3 Be8 43. h3 Kd5 44. Nd2 Kc5 45. g4 Bd7 46. gxf5
Bxf5 47. h4 Kb5 48. Kd4 Kc6 49. Nc4 Bc2 50. Ne5+ Kb6 51. Nf7 h5 52. Ne5 Bf5 53.
Nc4+ 1/2-1/2

[Event "VIII Festival A"]
[Site "Nichelino ITA"]
[Date "2007.10.06"]
[Round "4"]
[White "Matta, Francesca"]
[Black "Egli, Urs"]
[Result "1/2-1/2"]
[WhiteElo "1945"]
[BlackElo "2089"]
[PlyCount "52"]
[EventDate "2007.10.04"]

1. c4 g6 2. Nf3 Bg7 3. Nc3 d6 4. d4 e5 5. dxe5 dxe5 6. Qxd8+ Kxd8 7. Bg5+ f6 8.
Bh4 Be6 9. e4 Nh6 10. Be2 Nf7 11. O-O-O+ Nd7 12. Nd5 g5 13. Bg3 h5 14. h4 g4
15. Nd2 Bh6 16. Kb1 c6 17. Nb3 f5 18. Nf6 Ke7 19. Nxd7 Bxd7 20. Nc5 Bc8 21.
exf5 Bxf5+ 22. Bd3 Bxd3+ 23. Rxd3 b6 24. Ne4 Rad8 25. Rhd1 Bf4 26. Kc2 Rxd3
1/2-1/2

[Event "VIII Festival A"]
[Site "Nichelino ITA"]
[Date "2007.10.06"]
[Round "4"]
[White "Pitrola, Carlo"]
[Black "Angioni, Gian Carlo"]
[Result "0-1"]
[WhiteElo "1602"]
[BlackElo "1811"]
[PlyCount "50"]
[EventDate "2007.10.04"]

1. d4 d5 2. c4 c6 3. Nf3 Nf6 4. Nc3 e6 5. e3 Nbd7 6. Qc2 a6 7. Be2 dxc4 8. Bxc4
b5 9. Be2 Bb7 10. O-O c5 11. Rd1 Rc8 12. e4 cxd4 13. Nxd4 b4 14. e5 Nd5 15.
Nxe6 Qb6 16. Nxd5 Rxc2 17. Nxb6 Nxb6 18. Nxf8 Rxe2 19. e6 Rxf8 20. Be3 Nd5 21.
Bc5 Rg8 22. exf7+ Kxf7 23. Rd3 Rge8 24. Kf1 Rxb2 25. Rf3+ Nf6 0-1

[Event "VIII Festival A"]
[Site "Nichelino ITA"]
[Date "2007.10.06"]
[Round "4"]
[White "Sattanino, Andrea"]
[Black "Astengo, Marcello"]
[Result "1-0"]
[WhiteElo "1843"]
[BlackElo "2024"]
[PlyCount "69"]
[EventDate "2007.10.04"]

1. d4 g6 2. c4 Bg7 3. Nc3 d6 4. e4 Nd7 5. Be3 e6 6. Bd3 Ne7 7. Qd2 h6 8. Nge2
b6 9. f3 Bb7 10. O-O g5 11. Ng3 Nf6 12. b3 Ng6 13. Rac1 Qd7 14. Nce2 Rd8 15.
Rfd1 g4 16. fxg4 Nxg4 17. Nh5 Kf8 18. Nxg7 Kxg7 19. Ng3 h5 20. Rf1 h4 21. Ne2
h3 22. g3 e5 23. d5 Bc8 24. Rf3 Qe7 25. Rcf1 Rdf8 26. Nc3 Rh5 27. Nd1 f5 28.
exf5 e4 29. Bd4+ N6e5 30. Bxe4 Kg8 31. Bxe5 Qxe5 32. Rf4 Nf6 33. Nf2 Re8 34.
Ng4 Nxe4 35. Rxe4 1-0

[Event "VIII Festival A"]
[Site "Nichelino ITA"]
[Date "2007.10.06"]
[Round "4"]
[White "Zunino, Davide"]
[Black "Militello, Michele"]
[Result "1-0"]
[WhiteElo "1980"]
[BlackElo "1935"]
[PlyCount "120"]
[EventDate "2007.10.04"]

1. d4 d6 2. Bf4 Nf6 3. e3 Nbd7 4. h3 e5 5. Bh2 c6 6. Nf3 Qb6 7. Qc1 e4 8. Nfd2
d5 9. Be2 Be7 10. O-O Nf8 11. c4 Be6 12. c5 Qd8 13. Nc3 N6d7 14. b4 f5 15. b5
Bg5 16. bxc6 bxc6 17. Ba6 Ng6 18. Nb3 O-O 19. Ne2 Qf6 20. Bb7 f4 21. exf4 Nxf4
22. Bxf4 Bxf4 23. Nxf4 Rab8 24. Nxe6 Qxe6 25. Na5 Rf6 26. Bxc6 Rg6 27. Bxd7
Qxd7 28. Qe3 Rf8 29. f4 exf3 30. Rxf3 Re8 31. Qd3 Qd8 32. Qd2 Qh4 33. Raf1 Rge6
34. c6 Qd8 35. Qf4 Rf6 36. c7 Qd7 37. Qg4 Qxg4 38. hxg4 Rxf3 39. Rxf3 Re1+ 40.
Kf2 Rc1 41. Rf5 Rxc7 42. Rxd5 Rc2+ 43. Kf3 Rxa2 44. Rd8+ Kf7 45. Rd7+ Kf6 46.
Rxa7 Ra3+ 47. Kf2 h6 48. Nc6 Rc3 49. d5 g5 50. Rh7 Kg6 51. Re7 Kf6 52. Re6+ Kg7
53. Nd4 Rd3 54. Nf5+ Kf8 55. d6 Kf7 56. Re7+ Kf8 57. d7 h5 58. Re8+ Kf7 59.
d8=Q Rxd8 60. Rxd8 h4 1-0

[Event "VIII Festival A"]
[Site "Nichelino ITA"]
[Date "2007.10.07"]
[Round "5"]
[White "Angioni, Gian Carlo"]
[Black "Pulito, Alberto"]
[Result "0-1"]
[WhiteElo "1811"]
[BlackElo "2285"]
[PlyCount "54"]
[EventDate "2007.10.04"]

1. e4 e6 2. d4 d5 3. Nc3 Bb4 4. e5 c5 5. Qg4 Ne7 6. Nf3 Nf5 7. Bb5+ Bd7 8. O-O
Bxc3 9. Bxd7+ Nxd7 10. bxc3 O-O 11. Re1 Qa5 12. Bd2 Qa4 13. Rab1 Rab8 14. Rb2
Nb6 15. Qf4 Nc4 16. Rb3 Qxa2 17. g4 Ne7 18. Reb1 Ng6 19. Qg3 Qxc2 20. Be1 Qe4
21. Rxb7 Rxb7 22. Rxb7 Nf4 23. Kh1 Nd3 24. Rb1 Nxf2+ 25. Qxf2 Qxb1 26. Ng5 h6
27. Nh3 Qe4+ 0-1

[Event "VIII Festival A"]
[Site "Nichelino ITA"]
[Date "2007.10.07"]
[Round "5"]
[White "Artero, Carlo"]
[Black "Lizzari, Nicola"]
[Result "1-0"]
[WhiteElo "1608"]
[BlackElo "1848"]
[PlyCount "71"]
[EventDate "2007.10.04"]

1. e4 c5 2. Nf3 d6 3. d4 cxd4 4. Nxd4 Nc6 5. Nc3 g6 6. Be3 Bg7 7. Qd2 Nf6 8. f3
Bd7 9. Bc4 Ne5 10. Bb3 Rc8 11. h4 Nc4 12. Bxc4 Rxc4 13. O-O-O Qa5 14. Nb3 Qc7
15. g4 h5 16. g5 Rxc3 17. gxf6 Bxf6 18. bxc3 Bxc3 19. Qd3 Bg7 20. Rhg1 a6 21.
Kb1 Bb5 22. Qd2 Bc3 23. Qf2 O-O 24. Bd4 e5 25. Bxc3 Qxc3 26. Qd2 Qxf3 27. Qxd6
Qxe4 28. Rde1 Qxh4 29. Rxg6+ fxg6 30. Qxg6+ Kh8 31. Qh6+ Kg8 32. Rg1+ Kf7 33.
Rg7+ Ke8 34. Qe6+ Kd8 35. Qd6+ Ke8 36. Qb8+ 1-0

[Event "VIII Festival A"]
[Site "Nichelino ITA"]
[Date "2007.10.07"]
[Round "5"]
[White "Astengo, Marcello"]
[Black "Biancotti, Alessandro"]
[Result "1-0"]
[WhiteElo "2024"]
[BlackElo "1828"]
[PlyCount "55"]
[EventDate "2007.10.04"]

1. d4 Nf6 2. c4 c5 3. d5 d6 4. Nc3 g6 5. e4 Bg7 6. Bd3 O-O 7. Bg5 Na6 8. f4 Ng4
9. h3 Nh6 10. Nf3 Re8 11. Qd2 f6 12. Bh4 Nb4 13. Bb1 e6 14. a3 Na6 15. Ba2 Nc7
16. O-O-O Nf7 17. e5 dxe5 18. d6 Bh6 19. g3 exf4 20. g4 e5 21. dxc7 Qxc7 22.
Nd5 Qc6 23. Nxf6+ Kg7 24. Nxe8+ Qxe8 25. g5 e4 26. gxh6+ Nxh6 27. Qc3+ Kg8 28.
Rd8 1-0

[Event "VIII Festival A"]
[Site "Nichelino ITA"]
[Date "2007.10.07"]
[Round "5"]
[White "Blundo, Michele"]
[Black "Cacinschi, Alexandru"]
[Result "0-1"]
[WhiteElo "1896"]
[BlackElo "1630"]
[PlyCount "79"]
[EventDate "2007.10.04"]

1. d4 d5 2. c4 c6 3. cxd5 cxd5 4. Nf3 Nf6 5. e3 Nc6 6. Nc3 Bf5 7. Be2 e6 8. a3
a6 9. O-O Bd6 10. h3 Ne4 11. Nxe4 dxe4 12. Ne5 Nxe5 13. dxe5 Bxe5 14. Qxd8+
Rxd8 15. g4 Bg6 16. f4 exf3 17. Bxf3 Rd7 18. Rd1 Rxd1+ 19. Bxd1 Be4 20. Ra2 O-O
21. b4 Rd8 22. Be2 Bc3 23. Kf1 Bb1 24. Bb2 Bxa2 25. Bxc3 Rc8 26. Bd4 Bc4 27. a4
Bxe2+ 28. Kxe2 Rc2+ 29. Kf3 f6 30. g5 e5 31. Bc5 Kf7 32. h4 Ke6 33. e4 Rc3+ 34.
Kg2 Rxc5 35. bxc5 Kd7 36. h5 Kc6 37. Kf3 Kxc5 38. gxf6 gxf6 39. Kg3 b5 40. Kg4
0-1

[Event "VIII Festival A"]
[Site "Nichelino ITA"]
[Date "2007.10.07"]
[Round "5"]
[White "Cavaliere, Simone"]
[Black "Demagistri, Gigi"]
[Result "0-1"]
[WhiteElo "1965"]
[BlackElo "1662"]
[PlyCount "58"]
[EventDate "2007.10.04"]

1. e4 e6 2. d4 d5 3. Nc3 c5 4. exd5 exd5 5. dxc5 Be6 6. Bb5+ Nc6 7. Nf3 Bxc5 8.
O-O Nge7 9. Nd4 O-O 10. Be3 Bxd4 11. Bxd4 a6 12. Bd3 Nxd4 13. Bxh7+ Kxh7 14.
Qxd4 Ng6 15. f4 Qh4 16. Qd3 f5 17. Ne2 Rad8 18. Rf3 Kg8 19. Rh3 Qf6 20. c3 Rfe8
21. Qf3 d4 22. Nxd4 Bd5 23. Qh5 Nxf4 24. Qh7+ Kf7 25. Rh4 Ne2+ 26. Kf2 Nxd4 27.
Rxd4 Rh8 28. Qxh8 Rxh8 29. Rxd5 Qh4+ 0-1

[Event "VIII Festival A"]
[Site "Nichelino ITA"]
[Date "2007.10.07"]
[Round "5"]
[White "Crepaldi, Manuele"]
[Black "Perrone, Samuel"]
[Result "1-0"]
[WhiteElo "1821"]
[BlackElo "1715"]
[PlyCount "73"]
[EventDate "2007.10.04"]

1. Nf3 d5 2. g3 b6 3. Bg2 Bb7 4. O-O g6 5. d3 Nf6 6. Nbd2 Nbd7 7. b3 Bg7 8. Bb2
O-O 9. Ne5 Nxe5 10. Bxe5 e6 11. c4 Qe7 12. Re1 c6 13. d4 c5 14. e3 Rac8 15. f4
Rfd8 16. Qe2 Rd7 17. g4 Ne8 18. Bxg7 Nxg7 19. Nf3 f6 20. a4 a5 21. h4 Kf8 22.
g5 f5 23. Ne5 Rdd8 24. Kf2 Nh5 25. Bf3 Qe8 26. Bxh5 gxh5 27. Rg1 Rc7 28. g6 Qe7
29. Qxh5 Qg7 30. gxh7 Qxh7 31. Ng6+ Ke8 32. Qg5 Rg7 33. Qf6 Qg8 34. h5 Rdd7 35.
h6 Rh7 36. Ne5 Qh8 37. Qxe6+ 1-0

[Event "VIII Festival A"]
[Site "Nichelino ITA"]
[Date "2007.10.07"]
[Round "5"]
[White "Damia, Angelo"]
[Black "Sattanino, Andrea"]
[Result "1-0"]
[WhiteElo "2266"]
[BlackElo "1843"]
[PlyCount "53"]
[EventDate "2007.10.04"]

1. e4 e5 2. Nf3 Nf6 3. Nc3 Nc6 4. a3 Bc5 5. Nxe5 Bxf2+ 6. Kxf2 Nxe5 7. d4 Neg4+
8. Kg1 d6 9. h3 Nh6 10. Bc4 Be6 11. d5 Bd7 12. Qf3 Qe7 13. Bxh6 gxh6 14. Rf1
Ng8 15. e5 O-O-O 16. exd6 Qxd6 17. Qxf7 Qc5+ 18. Kh2 Ne7 19. Bd3 Ng6 20. Qf2
Qd6+ 21. g3 Kb8 22. Qf6 Qc5 23. b4 Qe3 24. Re1 Qg5 25. Qxg5 hxg5 26. Rhf1 Rde8
27. Ne4 1-0